Score 0/30 Timer 10:00
0 Plays Today
HINTZ ANSWERZ % Correct
something of value that cannot get without joining. incentives
50%
Designed to generate public pressure directly on govt officials. grassroots lobbying
50%
A person attempting to influence govt decisions on behalf of the grouplobbyist
50%
Include 50 members who enroll volunteerly, give to 5 federal candidates, and give no more than $5000 in any election.political action committees
50%
Offers incentives from low cost life insurance and discounted prescription drugs to tax advice and group travel plans.AARP
50%
A well known feiminist group. Founded 1966 by several members such as Betty FriedanNOW
50%
Environmental movement group. grassroots. Found in 1892Sierra Club
50%
Large feminist movement, moderate solidarity group. League of Women Voters
50%
Well known interest group that included a movement toward rights for colored peopleNAACP
50%
the social rewards that lead people to join local or state political organizations. solidary incentives
50%
benefits that have monetary value, including money, gifts, services, or discounts received as a result of one's membership in an organizationmaterial incentives
50%
Supported women to receive rights, etc.feminist movement
25%
Founded most well known liberal public interest group.Received a lot of money from legal battle against General Motors.Ralph Nader
25%
organization that seeks to influence public policyinterest groups
25%
widely shared demand for change in some aspect of the social or political ordersocial movement
25%
HINTZ ANSWERZ % Correct
Used to be a big social movement but lost power and become smaller organization to continue.unions
25%
expensive, sophisticated techniques to attract public's attention. Used by interest groups to raise money. Used through computers.Direct Mailings
25%
Interest group that engaged in disruptive practices. On the left. American Indian Movement
25%
Environmental movement group. Dedicated to protecting the wildernessWilderness Society
25%
Environmental movement group. Want to protect the animalsNational Wildlife Federation
25%
Openly supportive of the Republican party. Drawn by material incentives.National Federation of Republican Women
25%
Believe in the goal or purpose of the organization. Attracted to ideology or commitment to benefit society at largeCriminal Justice Legal Foundation
25%
a signal telling a congressional representative what values are at stake in a vote, and how that issue fits into his or her own set of political beliefes or party agendapolitical cue
25%
benefit that comes from serving a cause or principle from which one does not personall benefitpurposive incentive
25%
political organization the stated goals of which will principally benefit nonmemberspublic interest lobby
25%
assessment of a resprentative's voting record on issues important to an interest group. Designed to create public support for or opposition to a legislatorratings
25%
poltical organization that attract members by appearling to their political convictions with coherent sets of controversial principlesideological interest groups
25%
A group of both Democratic and Republican members of Congress from the farming states of the Middle West that pressures the federal government to adopt policies favorable to farmerfarm bloc
0%
A piece of legislation that was used to keep the atmosphere and air clean of smog, etc.Clean Air Act
0%
A bunch of members of the House of Reps chosen by Environmental Action because of their votes against bills that the lobby groups claimed were necessary to protect the environmentDirty Dozen
0%
Remove Ads.
Support Sporcle.
Get the best of Sporcle when you Go Orange. This ad-free experience offers more features, more stats, and more fun while also helping to support Sporcle. Thank you for becoming a member.

You're not logged in!

Compare scores with friends on all Sporcle quizzes.
OR
Log In

Show Comments

Extras

Created Nov 29, 2010ReportNominate
Tags:Govt, identification

Top Quizzes Today


Score Distribution

Your Account Isn't Verified!

In order to create a playlist on Sporcle, you need to verify the email address you used during registration. Go to your Sporcle Settings to finish the process.

Report this User

Report this user for behavior that violates our Community Guidelines.

Details: